000
00311nam a2200109Ia 4500
008
200302s9999 xx 000 0 und d
100
_a
Nicholas Cooper
245
_a
The Opulent Eye Late Victorian and Edwardian Tast in Interior Design
260
_b
The Architectural Press Ltd.
260
_c
1976
300
_a
258 P.,
999
_c
256
_d
256